Statistiques concernant Cite tous les numéros 10 de Ligue 1 2023/2024

Cliquez ici pour prendre le quiz!

Statistiques générales

  • Ce quiz a été pris 118 fois
  • Le résultat moyen est 9 sur 17

Statistiques - réponses

ClubNationalitéRéponse% Correct
Paris SGFranceOusmane Dembélé
95%
MarseilleGabonPierre-Emerick Aubameyang
93%
LyonFranceAlexandre Lacazette
87%
MonacoFranceWissam Ben Yedder
86%
Stade RennaisFrance/AlgérieAmine Gouiri
85%
LilleFranceRémy Cabella
76%
MontpellierTunisieWahbi Khazri
70%
ReimsMalteTeddy Teuma
58%
Clermont FootAutricheMuhammad Cham
41%
LensPortugalDavid Pereira Da Costa
40%
LorientFranceRomain Faivre
37%
BrestFranceRomain Del Castillo
35%
NiceMarocSofiane Diop
32%
NantesBrésilMarquinhos
28%
StrasbourgPays-BasEmanuel Emegha
23%
Le HavreFranceNabil Alioui
20%
ToulousePays-BasIbrahim Cissoko
12%

Distribution des résultats

Percentile par nombre de réponses

% des personnes avec chaque résultat

Votre développement - résultats

Vous n’avez pas pris ce quiz